[Event "SVK-chT5 SE-SI 1415"]
[Site "Slovakia"]
[Date "2015.03.07"]
[Round "10.2"]
[White "Benak, Peter"]
[Black "Filipek, Norbert"]
[Result "1/2-1/2"]
[WhiteElo "1615"]
[BlackElo "1414"]
[PlyCount "48"]
[EventDate "2014.10.18"]
[EventType "team-tourn"]
[EventRounds "11"]
[EventCountry "SVK"]
[SourceTitle "EXT 2022"]
[Source "ChessBase"]
[SourceDate "2021.10.06"]
[SourceVersion "1"]
[SourceVersionDate "2021.10.06"]
[SourceQuality "1"]
[WhiteTeam "Holic III"]
[BlackTeam "Stefanov III"]
[WhiteTeamCountry "SVK"]
[BlackTeamCountry "SVK"]

1. e4 c5 2. f4 e6 3. Nf3 b6 4. Nc3 Bb7 5. d3 Be7 6. Bd2 Qc7 7. Qe2 a6 8. 0-0-0 b5 9. e5 Qa5 10. Kb1 b4 11. Ne4 Bd5 12. b3 Qb6 13. c4 bxc3 14. Bxc3 a5 15. Qb2 a4 16. Nfd2 axb3 17. Nxb3 c4 18. Nc1 Qxb2+ 19. Bxb2 cxd3 20. Bxd3 Ba3 21. Rhe1 Bxb2 22. Kxb2 Bxe4 23. Rxe4 Ne7 24. Bb5 Nbc6 1/2-1/2

[Event "SVK-chT5 SE-SI 1415"]
[Site "Slovakia"]
[Date "2015.02.21"]
[Round "9.3"]
[White "Lauko, Tomas"]
[Black "Filipek, Norbert"]
[Result "1-0"]
[WhiteElo "1476"]
[BlackElo "1414"]
[PlyCount "55"]
[EventDate "2014.10.18"]
[EventType "team-tourn"]
[EventRounds "11"]
[EventCountry "SVK"]
[SourceTitle "EXT 2022"]
[Source "ChessBase"]
[SourceDate "2021.10.06"]
[SourceVersion "1"]
[SourceVersionDate "2021.10.06"]
[SourceQuality "1"]
[WhiteTeam "Senica Slovakia"]
[BlackTeam "Stefanov III"]
[WhiteTeamCountry "SVK"]
[BlackTeamCountry "SVK"]

1. e4 c5 2. Nf3 e6 3. c4 d6 4. b3 Be7 5. Bb2 Nd7 6. Bxg7 Bf6 7. Bxh8 Bxh8 8. Nc3 Qa5 9. Qc2 b6 10. Be2 Bb7 11. 0-0 Ngf6 12. Rab1 Ke7 13. d4 Rg8 14. e5 dxe5 15. dxe5 Ne8 16. Qxh7 Rf8 17. Qh4+ f6 18. Nd1 Bxf3 19. Bxf3 Nxe5 20. Bh5 Ng7 21. Rb2 Nxh5 22. Qxh5 Qa6 23. Rd2 Qb7 24. Ne3 Rg8 25. f4 Nf7 26. Rfd1 Rd8 27. Rxd8 Nxd8 28. Rxd8 1-0

[Event "SVK-chT5 SE-SI 1415"]
[Site "Slovakia"]
[Date "2014.12.13"]
[Round "5.2"]
[White "Filipek, Norbert"]
[Black "Klimes, Juraj"]
[Result "1/2-1/2"]
[WhiteElo "1414"]
[BlackElo "1565"]
[PlyCount "35"]
[EventDate "2014.10.18"]
[EventType "team-tourn"]
[EventRounds "11"]
[EventCountry "SVK"]
[SourceTitle "EXT 2022"]
[Source "ChessBase"]
[SourceDate "2021.10.06"]
[SourceVersion "1"]
[SourceVersionDate "2021.10.06"]
[SourceQuality "1"]
[WhiteTeam "Stefanov III"]
[BlackTeam "Sastin Straze"]
[WhiteTeamCountry "SVK"]
[BlackTeamCountry "SVK"]

1. e4 d6 2. Nf3 Nf6 3. Nc3 g6 4. d4 Nbd7 5. Bd3 Bg7 6. 0-0 0-0 7. Be3 e5 8. dxe5 dxe5 9. Qe2 Nh5 10. Rfd1 f5 11. Bc4+ Kh8 12. Ng5 f4 13. Nf7+ Rxf7 14. Bxf7 Qf6 15. Bb3 fxe3 16. fxe3 Nc5 17. Rf1 Qh4 18. Rad1 1/2-1/2